Ч. 1; Оснвы теории твердого тела

Bibliografske podrobnosti
Parent link:Оснвы теории твердого тела: в 2 ч./ Н. В. Кудрявцева. Ч. 1.— , 1972
Jezik:ruščina
Izdano: 1972
Teme:
Format: MixedMaterials Knjiga
KOHA link:https://koha.lib.tpu.ru/cgi-bin/koha/opac-detail.pl?biblionumber=263820

MARC

LEADER 00000nam2a2200000 4500
001 263820
005 20231101233756.0
035 |a (RuTPU)RU\TPU\book\286810 
090 |a 263820 
100 |a 20140611d1972 m y0rusy50 ca 
101 0 |a rus 
102 |a RU 
105 |a a j 000zy 
200 0 |a Ч. 1 
210 |d 1972 
215 |a 204 с.  |c ил. 
461 1 |0 (RuTPU)RU\TPU\book\289336  |t Оснвы теории твердого тела  |o в 2 ч.  |f Н. В. Кудрявцева  |v Ч. 1  |d 1972 
606 1 |a Твердые тела, теория  |2 stltpush  |3 (RuTPU)RU\TPU\subj\58728  |9 76480 
610 1 |a адиабатическое приближение 
610 1 |a одноэлектронное приближение 
610 1 |a уравнения Хартри-Фока 
610 1 |a кристаллы 
610 1 |a электроны 
610 1 |a зонная теория 
610 1 |a теория групп 
610 1 |a определения 
610 1 |a примеры 
610 1 |a представления 
675 |a 539.2(075.8)  |v 3 
801 1 |a RU  |b 63413507  |c 20140611 
801 2 |a RU  |b 63413507  |c 20150227  |g RCR 
942 |c BK